PFA Premier League Team of the Year - 2000's - Statistics

General Stats
  • This quiz has been taken 176 times
  • The average score is 38 of 60
Answer Stats
Player % Correct
Cristiano Ronaldo
99%
Edwin van der Sar
99%
Ryan Giggs
98%
Thierry Henry
97%
Petr Cech
96%
Rio Ferdinand
96%
Nemanja Vidic
95%
Frank Lampard
94%
Steven Gerrard
94%
Paul Scholes
92%
Fernando Torres
91%
John Terry
91%
Ashley Cole
90%
Andy Cole
89%
Joe Cole
89%
Ruud van NIstelrooy
89%
Didier Drogba
88%
Dimitar Berbatov
88%
Patrice Evra
87%
Roy Keane
87%
Tim Howard
87%
Wayne Rooney
86%
Patrick Vieira
83%
Emmanuel Adebayor
82%
Gary Neville
80%
Cesc Fabregas
73%
Stephen Carr
71%
David Beckham
70%
Robert Pires
69%
Fabien Barthez
68%
Jaap Stam
68%
Nicolas Anelka
66%
Sol Campbell
65%
Alan Shearer
63%
Shay Given
61%
Sami Hyypia
60%
David James
58%
Bacary Sagna
53%
Gael Clichy
53%
Teddy Sheringham
53%
William Gallas
53%
Brad Friedel
50%
Harry Kewell
50%
Jamie Carragher
48%
Arjen Robben
43%
Lauren
40%
Wes Brown
38%
Shaun Wright-Phillips
35%
Kevin Phillips
31%
Andy Johnson
30%
Glen Johnson
30%
Ashley Young
22%
Stephan Finnan
19%
Nigel Martyn
15%
Wayne Bridge
15%
Sylvinho
13%
Ian Harte
11%
Gary Kelly
7%
Kieron Dyer
6%
Pascal Chimbonda
6%
No matching quizzes found
Score Distribution
Percent of People with Each Score
Percentile by Number Answered
Your Score History
You have not taken this quiz